Sustainable livelihoods : Beekeeping (Record no. 21005)
[ view plain ]
| 000 -LEADER | |
|---|---|
| fixed length control field | 00547pam a22001934a 4500 |
| 020 ## - INTERNATIONAL STANDARD BOOK NUMBER | |
| ISBN | 1565491327 |
| 040 ## - CATALOGING SOURCE | |
| Transcribing agency | DLC |
| 082 ## - DEWEY DECIMAL CLASSIFICATION NUMBER | |
| Classification number | FAO ROM 2011 C146 Or. |
| 100 1# - MAIN ENTRY--AUTHOR NAME | |
| Personal name | Helmore, Kristin |
| 245 10 - TITLE STATEMENT | |
| Title | Sustainable livelihoods : Beekeeping |
| Remainder of title | building on the wealth of the poor / |
| 300 ## - PHYSICAL DESCRIPTION | |
| Number of Pages | xiv, 128 pages : |
| Other physical details | illustrations, map ; |
| Dimensions | 23 cm |
| 650 #0 - SUBJECT ADDED ENTRY--TOPICAL TERM | |
| Topical Term | Economic development |
| 650 #0 - SUBJECT ADDED ENTRY--TOPICAL TERM | |
| Topical Term | Sustainable development |
| 650 #0 - SUBJECT ADDED ENTRY--TOPICAL TERM | |
| Topical Term | Human capital |
| 650 #0 - SUBJECT ADDED ENTRY--TOPICAL TERM | |
| Topical Term | Rural poor |
| 650 #0 - SUBJECT ADDED ENTRY--TOPICAL TERM | |
| Topical Term | Rural development |
| 700 1# - ADDED ENTRY--PERSONAL NAME | |
| Personal name | Singh, Naresh |
| 942 ## - ADDED ENTRY ELEMENTS (KOHA) | |
| Koha item type | ADB |
| 952 ## - LOCATION AND ITEM INFORMATION (KOHA) | |
| Withdrawn status [LOCAL, KOHA] | 0 |
| Permanent Location | Date acquired | Koha item type | Lost status | Shelving location | Barcode | Current Location | Full call number |
|---|---|---|---|---|---|---|---|
| Library Block C | 2023-02-01 | ADB | C146 | a071736 | Library Block C | FAO ROM 2011 C146 Or. |